000 00886cam a2200217 4500
001 ABS66301
008 021217n2002 000 0 eng u
035 _a(Sirsi) u120793
100 _aHamson, L
245 _aProfessionals under pressure
260 _c2002
490 _aProperty Week
_v43(66) 15 November 2002, 36-39(3)
520 _aReport on the position of surveyors, as their professional ethics are being re-examined, and the market for rent reviews is diminishing. Their integrity and guaranteed fee income is waning. The decline in the need for rent reviewing, due to plummeting rents, may mean large job losses, and advises firms to prepare for the future.
590 _aABS
650 _aPROFESSIONAL ETHICS
650 _aETHICS
650 _aCORPORATE GOVERNANCE
650 _aRENT REVIEWS
690 _aPROPERTY-PROPERTY APPRAISAL AND VALUATION
942 _n0
999 _c71779
_d71779